| 000 | 01112cam a22002771i 4500 | ||
|---|---|---|---|
| 003 | SA-RiAUC | ||
| 005 | 20240924135949.0 | ||
| 008 | 240922s1936 ua g 00010 ara c | ||
| 040 |
_aSA-MdTU _bara _cSA-RiAUC _erda |
||
| 082 | 0 | 4 |
_a227.32 _qSA-RiAUC |
| 090 |
_a227.32 _bا ب ن ج |
||
| 100 | 1 |
_aابن جزي الكلبي، محمد بن أحمد بن محمد، _d693-741 هجري _eمؤلف. |
|
| 245 | 1 | 0 |
_aكتاب التسهيل لعلوم التنزيل / _cمحمد بن أحمد بن جزي الكلبي. |
| 246 | 3 | 0 | _aالتسهيل لعلوم التنزيل |
| 250 | _aالطبعة الأولى. | ||
| 264 | 1 |
_aالقاهـرة : _bالمكتبة التجارية الكبرى، _c[1936] |
|
| 300 |
_a4 مجلد في 2 ؛ _c26 سم |
||
| 336 |
_aنص _btxt _2rdacontent _3كتاب |
||
| 337 |
_aبدون وسيط _bn _2rdamedia |
||
| 338 |
_aمجلد _bnc _2rdacarrier |
||
| 630 | 2 | 7 |
_aالقرآن _xأسباب النزول _2aucut |
| 630 | 2 | 7 |
_aالقرآن _xتفاسير مأثورة _2aucut |
| 730 | 2 | 2 | _aالقرآن |
| 942 |
_2ddc _cRARE BOOK _n0 |
||
| 949 |
_aSA-JeALM _d240922 _umohamedma123 _n1 |
||
| 999 |
_c519 _d519 |
||